| 000 | 00585nam a22001697a 4500 | ||
|---|---|---|---|
| 003 | 0 | ||
| 005 | 20230811132243.0 | ||
| 008 | 230811b xxu||||| |||| 00| 0 eng d | ||
| 020 | _a978-971-506-903-8 | ||
| 050 |
_aPL 6062.4 _b.B34 2022 |
||
| 245 |
_aBayan-bayanan : antolohiya ng mga katha sa lunan ng gunita _cRolando B. Tolentino at Rommel B. Rodriguez, mga editor |
||
| 260 |
_aManila _bUniversity of Santo Tomas Publishing House _cc2022. |
||
| 300 |
_axxx, 262 pages ; _c24 cm. |
||
| 600 | _aTolentino, Rolando B. | ||
| 654 | _aPhilippine essays (Filipino). | ||
| 942 |
_2lcc _cBK |
||
| 999 |
_c365132 _d365132 |
||